000 00894nas a2200301 4500
001 BR9902779
003 BR-BrBNA
005 20231205101422.0
007 ta
008 230509b bl.|||p| |||| 00| 00por d
040 _aBR-BrBNA
_bpor
_cBiblioteca Nacional de Agricultura
041 _a(Pt)
072 _aH20
100 1 _aYossen, V.E.
100 1 _aMaciel, J.L.N.
100 1 _aLoch, L.C.
100 1 _aDuarte, V.
245 1 _aTitulacao da virulencia de estirpes de Ralstonia solanacearum resistentes a antibioticos
650 _aTomate
650 _aMurcha Bacteriana
650 _aPatogenicidade
650 _aEstirpe
650 _aResistencia a Produtos Quimicos
650 _aAntibiotico
773 0 _tFitopatologia Brasileira (Brazil)
_xISSN 0100-4158
_g(Dec 1998), v. 23(4) p. 495-497
_wBR9902779
909 _a202311
_bLúcia
_c55
_dLúcia Elande
942 _2AGRIS
_n0
_cANA
999 _c161718
_d161718